Možnosti tvorby nanoštruktúrnych povlakov a ich využitie

Nanotechnológia sa zaoberá vývojom a aplikáciou materiálov s veľkosťou < 100 nm. Od začiatku zrodu a používania nanotechnológie v 80. rokoch, výskum, vývoj a aplikácia nanomateriálov exponenciálne napredovali. Podľa definície je nanomateriál materiál, ktorý má aspoň jeden zo svojich rozmerov v nanom...

Descrizione completa

Salvato in:
Dettagli Bibliografici
Autore principale: Rohaľ, Vladimír
Natura: Capitolo di libro
Lingua:slovacco
Soggetti:
Tags: Aggiungi Tag
Nessun Tag, puoi essere il primo ad aggiungerne!!

MARC

LEADER 00000naa a2200000 4500
001 0308326
005 20250429075147.8
041 0 |a slo 
044 |a SK 
245 1 0 |a Možnosti tvorby nanoštruktúrnych povlakov a ich využitie  |c Vladimír Rohaľ 
520 |a Nanotechnológia sa zaoberá vývojom a aplikáciou materiálov s veľkosťou < 100 nm. Od začiatku zrodu a používania nanotechnológie v 80. rokoch, výskum, vývoj a aplikácia nanomateriálov exponenciálne napredovali. Podľa definície je nanomateriál materiál, ktorý má aspoň jeden zo svojich rozmerov v nanometrovej mierke v trojrozmernom priestore. Vďaka svojej malej veľkosti majú nanomateriály vysoký pomer povrchovej plochy k objemu a tak môžu poskytnúť chemické, alebo fyzikálne vlastnosti, ktoré neponúkajú mikro, či makro rozmerné materiály. 
610 2 0 |a úspory 
610 2 0 |a nanotechnológie 
610 2 0 |a inovácia 
610 2 0 |a pokrok 
610 2 0 |a technológia 
100 1 |a Rohaľ, Vladimír